Essays on the Economic and Social Impacts of Immigration

Gespeichert in:  
Bibliographische Detailangaben
1. VerfasserIn: Packard, Michael M.T. (Verfasst von)
Medienart: Druck Buch
Sprache:Englisch
Veröffentlicht: [Erscheinungsort nicht ermittelbar] Georgetown University 2020
In:Jahr: 2020
Verfügbarkeit prüfen: HBZ Gateway
Subito Bestelldienst: Jetzt bestellen.

MARC

LEADER 00000cam a22000002c 4500
001 191253939X
003 DE-627
005 20250113054945.0
007 tu
008 241217s2020 xx ||||| 00| ||eng c
035 |a (DE-627)191253939X 
035 |a (DE-599)KXP191253939X 
040 |a DE-627  |b ger  |c DE-627  |e rda 
041 |a eng 
084 |a 2,1  |2 ssgn 
100 1 |a Packard, Michael M.T.  |e VerfasserIn  |4 aut 
245 1 0 |a Essays on the Economic and Social Impacts of Immigration 
264 1 |a [Erscheinungsort nicht ermittelbar]  |b Georgetown University  |c 2020 
336 |a Text  |b txt  |2 rdacontent 
337 |a ohne Hilfsmittel zu benutzen  |b n  |2 rdamedia 
338 |a Band  |b nc  |2 rdacarrier 
787 0 8 |i Forschungsdaten  |a United States Department of Justice. Federal Bureau of Investigation  |t Uniform Crime Reporting Program Data (United States): Offenses Known and Clearances by Arrest, 1974  |d [Erscheinungsort nicht ermittelbar] : [Verlag nicht ermittelbar], 2005  |w (DE-627)1840066318 
787 0 8 |i Forschungsdaten  |a United States Department of Justice. Federal Bureau of Investigation  |t Uniform Crime Reporting Program Data (United States): Offenses Known and Clearances by Arrest, 1973  |d [Erscheinungsort nicht ermittelbar] : [Verlag nicht ermittelbar], 2005  |w (DE-627)1840066407 
787 0 8 |i Forschungsdaten  |a United States Department of Justice. Federal Bureau of Investigation  |t Uniform Crime Reporting Program Data (United States): Offenses Known and Clearances by Arrest, 1972  |d [Erscheinungsort nicht ermittelbar] : [Verlag nicht ermittelbar], 2005  |w (DE-627)1840066415 
787 0 8 |i Forschungsdaten  |a United States Department of Justice. Federal Bureau of Investigation  |t Uniform Crime Reporting Program Data (United States): Offenses Known and Clearances by Arrest, 1971  |d [Erscheinungsort nicht ermittelbar] : [Verlag nicht ermittelbar], 2005  |w (DE-627)1840066423 
787 0 8 |i Forschungsdaten  |a United States Department of Justice. Federal Bureau of Investigation  |t Uniform Crime Reporting Program Data (United States): Offenses Known and Clearances by Arrest, 1970  |d [Erscheinungsort nicht ermittelbar] : [Verlag nicht ermittelbar], 2005  |w (DE-627)1840066334 
935 |a mkri 
951 |a BO 
ELC |b 1 
LOK |0 000 xxxxxcx a22 zn 4500 
LOK |0 001 4637504899 
LOK |0 003 DE-627 
LOK |0 004 191253939X 
LOK |0 005 20241217044422 
LOK |0 008 241217||||||||||||||||ger||||||| 
LOK |0 035   |a (DE-2619)ICPSR163444 
LOK |0 040   |a DE-2619  |c DE-627  |d DE-2619 
LOK |0 092   |o n 
LOK |0 852   |a DE-2619 
LOK |0 852 1  |9 00 
LOK |0 935   |a nacp 
LOK |0 939   |a 17-12-24  |b l01 
ORI |a SA-MARC-krimdoka001.raw